000 00533nam a2200193Ia 4500
003 GCL
008 140319s9999 xx 000 0 ara d
040 _aGCL /
_cGCL
082 0 4 _a863.009
_bد ذ
100 1 _aديزنوس، ادموندو
245 1 0 _aذكريات التخلف /
_cديزنوس، ادموندو
700 1 _aسمية عبود
300 _a104 ص
490 _a
650 0 4 _aالادب
650 0 4 _aالادب الاسبانى
650 0 4 _aالادب الاسبانى المترجم
942 _2ddc
_cBK
999 _c40963
_d40963